Normal view
MARC view
- Baig, Marc
Entry Nombre Personal
001 - NUMERO DE CONTROL
- campo de control: 49063
003 - IDENTIFICADOR DE NUMERO DE CONTROL
- campo de control: UPN
005 - FECHA Y HORA DE LA ÜLTIMA TRANSACCIÓN
- campo de control: 20230529125508.0
008 - DATOS DE LONGITUD FIJA
- campo de control de longitud fija: 230529|| acn||aabn | a|a d
024 7# - OTROS IDENTIFICADORES NORMALIZADOS
- Fuente: orcid
040 ## - FUENTE DE CATALOGACIÓN
- Agencia original de catalogación: MX-MxUPN
100 ## - ENCABEZAMIENTO - NOMBRE PERSONAL
- Nombre personal: Baig, Marc
370 ## - LUGAR ASOCIADO
- Associated country: España
372 ## - CAMPO DE ACTIVIDAD
- Field of activity: Psicología de la educación. Didáctica
- Field of activity: Ajedrez
373 ## - GRUPO ASOCIADO
- Associated group: Universidad de Girona
670 ## - FUENTE EN LA QUE SE LOCALIZARON DATOS
- Cita de la fuente: En recurso en línea: RED: revista de educación a distancia. Vol. 23, no. 74 (2023)
- Información localizada: (Marc Baig)
- Uniform Resource Identifier: https://revistas.um.es/red/article/view/540591
902 ## - CATALOGADOR
- Catalogador: Leonor Sotres/290523
